Normal view
MARC view
- ISLAM-SPIRITUALISM.URDU ADAB-ZAVIYA-1
Entry Topical Term
001 - CONTROL NUMBER
- control field: 68280
003 - CONTROL NUMBER IDENTIFIER
- control field: NUST
005 - DATE AND TIME OF LATEST TRANSACTION
- control field: 20210628204022.0
008 - FIXED-LENGTH DATA ELEMENTS
- fixed length control field: 210628|| aca||aabn | a|a d
040 ## - CATALOGING SOURCE
- Original cataloging agency: NUST
- Transcribing agency: NUST
150 ## - HEADING--TOPICAL TERM
- Topical term or geographic name entry element: ISLAM-SPIRITUALISM.URDU ADAB-ZAVIYA-1
670 ## - SOURCE DATA FOUND
- Source citation: Work cat.: (NUST): Ashfaq Ahmed 651, Zaviya 1, 2010
